Los recursos humanos en las organizaciones orientadas a la eficacia y al aprendizaje (Registro nro. 2083)
[ vista simple ]
| 000 -Cabecera | |
|---|---|
| Campo de control de longitud fija | 01262aam a2200433 4500 |
| 005 - Fecha y hora de la última transacción | |
| Campo de control | 20241113114214.0 |
| 008 - Elementos de longitud fija--Información general | |
| Campo de control de longitud fija | 150722b xxu||||| |||| 00| 0 spa d |
| 041 ## - Idioma | |
| Código de idioma | |
| 082 ## - Clasificación Decimal Dewey | |
| Número de clasificación | 658.3 R361re |
| 100 ## - Entrada principal--Autor personal | |
| Nombre personal | Reig, Enrique |
| 9 (RLIN) | 17963 |
| 100 ## - Entrada principal--Autor personal | |
| Nombre personal | Fernández, Julio |
| 9 (RLIN) | 17964 |
| 100 ## - Entrada principal--Autor personal | |
| Nombre personal | Jauli, Isaac |
| 9 (RLIN) | 17965 |
| 245 ## - Título propiamente dicho | |
| Título | Los recursos humanos en las organizaciones orientadas a la eficacia y al aprendizaje |
| 260 ## - Pie de imprenta | |
| Lugar de publicación, distribución, etc. | España |
| Nombre del editor, distribuidor, etc. | Thomson |
| Fecha de publicación, distribución, etc. | 2003 |
| 300 ## - Descripción física | |
| Extensión | 251 páginas |
| 650 ## - Materia general | |
| Temática (materia general) | RECURSOS HUMANOS |
| 650 ## - Materia general | |
| Temática (materia general) | LA ORGANIZACIÓN |
| 650 ## - Materia general | |
| Temática (materia general) | APRENDIZAJE ORGANIZACIONAL |
| 650 ## - Materia general | |
| Temática (materia general) | PROYECTOS |
| 650 ## - Materia general | |
| Temática (materia general) | INTELIGENCIA EMOCIONAL |
| 650 ## - Materia general | |
| Temática (materia general) | ADMINISTRACIÓN DE RECURSOS HUMANOS |
| 650 ## - Materia general | |
| Temática (materia general) | MÉTODOS DE RECLUTAMIENTO: INTERNO Y EXTRERNO |
| 650 ## - Materia general | |
| Temática (materia general) | EVALUACIÓN |
| 650 ## - Materia general | |
| Temática (materia general) | PROCESO DE SELECCIÓN |
| 650 ## - Materia general | |
| Temática (materia general) | FORMACIÓN CONTINUA |
| 650 ## - Materia general | |
| Temática (materia general) | COMPETENCIAS |
| 650 ## - Materia general | |
| Temática (materia general) | PERFILES |
| 650 ## - Materia general | |
| Temática (materia general) | APRENDIZAJE ORGANIZACIONAL |
| 650 ## - Materia general | |
| Temática (materia general) | SELECCIÓN DE PERSONAL |
| 650 ## - Materia general | |
| Temática (materia general) | COMUNICACIÓN |
| 650 ## - Materia general | |
| Temática (materia general) | LIDERAZGO |
| 650 ## - Materia general | |
| Temática (materia general) | PYMES |
| 650 ## - Materia general | |
| Temática (materia general) | COMPETENCIAS |
| 650 ## - Materia general | |
| Temática (materia general) | REMUNERACIÓN |
| 650 ## - Materia general | |
| Temática (materia general) | EVALUACIÓN DEL DESEMPEÑO |
| 650 ## - Materia general | |
| Temática (materia general) | JUBILACIONES |
| 942 ## - Punto de acceso adicional KOHA | |
| Tipo de ítem KOHA | Libro |
| Fuente del sistema de clasificación o colocación | Dewey Decimal Classification |
| Signatura completa | Código de barras | Programa Académico | Tipo de ítem |
|---|---|---|---|
| 658.3 R361re | 11668 | Libro |